000
00316nam a2200109Ia 4500
008
180205s9999 xx 000 0 und d
020
_a
9715740065
100
_a
Romero, Perlita
245
_c
Eugenio, Pacelli S.
_a
An approach to literature /
260
_a
Quezon City
_b
Katha publishing
_c
1997
300
_a
iv, 157 pages
999
_c
354886
_d
354886